UEFA National Soccer Team Logos - Statistics

General Stats
  • This quiz has been taken 2,847 times
  • The average score is 39 of 55
Answer Stats
Picture Answer % Correct
Italy
100%
Belgium
99%
England
99%
Sweden
99%
France
98%
Netherlands
98%
Spain
98%
Portugal
97%
Germany
96%
Croatia
95%
Norway
95%
Turkey
94%
Finland
93%
Ireland
93%
Wales
93%
Russia
89%
Bulgaria
83%
Slovakia
83%
Ukraine
83%
Denmark
80%
Greece
80%
Hungary
78%
Scotland
78%
Slovenia
77%
Montenegro
75%
Bosnia and Herzegovina
74%
Lithuania
73%
Cyprus
71%
Azerbaijan
70%
Poland
69%
Albania
68%
Northern Ireland
68%
Switzerland
67%
Georgia
66%
Moldova
65%
San Marino
62%
Romania
61%
Austria
59%
Czech Republic
59%
Iceland
58%
Serbia
58%
Israel
53%
Latvia
52%
Andorra
51%
Kazakhstan
46%
Luxembourg
46%
Armenia
44%
North Macedonia
41%
Estonia
40%
Malta
39%
Kosovo
38%
Belarus
35%
Gibraltar
35%
Liechtenstein
32%
Faroe Islands
29%
No matching quizzes found
Score Distribution
Percent of People with Each Score
Percentile by Number Answered
Your Score History
You have not taken this quiz